A new class of singular integral equations and its application to differential equations with singular coefficients /
Guardado en:
| Autor Principal: | |
|---|---|
| Formato: | Libro |
| Idioma: | English Russian |
| Publicado: |
Groningen :
Wolters-Noordhoff,
1970.
|
| Etiquetas: |
Agregar Etiqueta
Sin Etiquetas, Sea el primero en etiquetar este registro!
|
| LEADER | 01079cam a22002175a 4500 | ||
|---|---|---|---|
| 001 | MAT.inmabb002416 | ||
| 008 | 710323s1970####ne#######b####000#0#eng#d | ||
| 005 | 20170425163546.0 | ||
| 245 | 1 | 2 | |a A new class of singular integral equations and its application to differential equations with singular coefficients / |c L. G. Mikhailov ; translated from the Russian by M. D. Friedman. |
| 260 | |a Groningen : |b Wolters-Noordhoff, |c 1970. | ||
| 300 | |a viii, 223 p. ; |c 22 cm. | ||
| 500 | |a Traducción de: Novyi klass osobykh integral´nykh uravnenii i ego primeneniia k differentsial´nym uravneniiam s singuliarnymi koeffitsientami. 1963? | ||
| 504 | |a Bibliografía: p. [220]-223. | ||
| 510 | 4 | |a MR, |c 32 #6028 |3 (para la ed. orig. en ruso) | |
| 020 | |a 9001588603 | ||
| 100 | 1 | |a Mikhailov, L. G. |q (Leonid Grigor´evich) | |
| 240 | 1 | 0 | |a Novyi klass osobykh integral´nykh uravnenii i ego primeneniia k differentsial´nym uravneniiam s singuliarnymi koeffitsientami. |l English |
| 084 | |a 35.42 (45.15) |2 MR | ||
| 010 | |a 71119884 | ||
| 041 | 1 | |a eng |h rus | |
| 859 | |h 45 |i M636n |p A-4083 |b BIB. MATEMATICA | ||
